| 000 | 00000nam 2200000za 4500 |
| 001 | 9.613833 |
| 003 | CaOODSP |
| 005 | 20240527135427 |
| 007 | ta |
| 008 | 150406|1997||||xxc||||| f|0| 0 eng d |
| 020 | |a0-662-25802-9 |
| 022 | |a0576-6370 |
| 040 | |aCaOODSP|beng |
| 043 | |an-cn--- |
| 086 | 1 |aCW69-1/95E |
| 110 | 2 |aCanadian Wildlife Service. |
| 245 | 10|aMonitoring bird populations: the Canadian experience / |cEdited by Erica H. Dunn et al. |
| 260 | |aOttawa - Ontario : |bEnvironment Canada. |c1997. |
| 300 | |a62p. : |bfigs., graphs, maps, references, tables ; |c28 cm. |
| 490 | 1 |aOccasional paper - Canadian Wildlife Service|x0576-6370|v95 |
| 500 | |a"Proceedings of a symposium sponsored by the Society of Canadian Ornithologists and the Wilson Ornithological Society, held in conjunction with the joint meeting of these two societies in Guelph, Ontario, on 29 April - 2 May 1993."--Title page. |
| 520 | 3 |aProceedings of a symposium sponsored by the Society of Canadian Ornithologists and the Wilson Ornithological Society, held in conjunction with the joint meeting of these two societies in Guelph, Ontario, on 29 April - 2 May 1993.--Title page |
| 546 | |aRésumés en français |
| 563 | |aSoftcover |
| 590 | |a97-34|b1997-08-22 |
| 690 | 07|aBirds|2gcpds |
| 720 | 1 |aDunn, Erica H. |
| 776 | 0#|tMonitoring bird populations |w(CaOODSP)9.856157 |
| 830 | #0|aOccasional paper (Canadian Wildlife Service)|x0576-6370|v95|w(CaOODSP)9.514489 |